| 000 | 00545nam a2200181Ia 4500 | ||
|---|---|---|---|
| 003 | GCL | ||
| 008 | 140319s9999 xx 000 0 ara d | ||
| 040 |
_aGCL / _cGCL |
||
| 082 | 0 | 4 |
_a227.368 _bا ق |
| 100 | 1 | _aاحمد الشرباصى | |
| 245 | 1 | 0 |
_aقصة التفسير (هدية من الاديب عبدالفتاح الجمل) / _cاحمد الشرباصى |
| 300 | _a171 ص | ||
| 490 |
_aالمكتبة الثقافية _v0 |
||
| 650 | 0 | 4 | _aالاسلام |
| 650 | 0 | 4 | _aالديانات |
| 650 | 0 | 4 | _aالتفسير |
| 942 |
_2ddc _cBK |
||
| 999 |
_c40373 _d40373 |
||